Music Quiz

Random Music or Oscar Quiz

Billboard Magazine's Top 10 Oscar Live Performances Quiz Stats

 Plays Quiz not verified by Sporcle

Score 0/10 Timer 07:00
0 Plays Today
Year Artist(s)/Group % Correct
#2: 1998Celine Dion
96.7%
#4: 2007Jennifer Hudson and Beyonce
88.3%
#3: 1994Bruce Springsteen
88.3%
#5: 1973Michael Jackson
81.7%
#8: 1991Bon Jovi
80%
#7: 1991Madonna
75%
#10: 2003U2
63.3%
#9: 2001Bjork
61.7%
#1: 2006Three 6 Mafia
43.3%
#6: 1998Elliott Smith
31.7%

You're not logged in!

Compare scores with friends on all Sporcle quizzes.
OR
Log In

Sporcle TV

Today on Sporcle TV


Watch our educational content, quiz creation guides, and fun videos on Sporcle TV.

Show Comments

Extras

Created Feb 27, 2012ReportNominate
Tags:Oscar Quiz, Music Charts

Top Quizzes Today


Score Distribution

Your Account Isn't Verified!

In order to create a playlist on Sporcle, you need to verify the email address you used during registration. Go to your Sporcle Settings to finish the process.

Report this User

Report this user for behavior that violates our Community Guidelines.

Details: